Carregant...

A selection of legal maxims :classified and illustrated

Dades bibliogràfiques
Autor principal: Broom,Herbert
Format: Printed Book
Publicat: New Delhi Universal law publishing company 2002
Edició:ed.10
Matèries:
LEADER 00860nam a22001937a 4500
020 |a 81 7534 090 8 
074 |a 1262 
082 |a 347.017 BRO'02 
100 |a Broom,Herbert  |9 802 
245 |a A selection of legal maxims  |b :classified and illustrated 
250 |a ed.10 
260 |a New Delhi  |b Universal law publishing company  |c 2002 
300 |a lxxxvii,706p. 
500 |a include index 
653 |a Law  |a civil law  |a legal maxims 
999 |c 975  |d 975 
952 |0 0  |1 0  |2 ddc  |4 0  |6 340_300000000000000_BRO02  |7 0  |9 1330  |a NUALS  |b NUALS  |c GEN  |d 2009-10-09  |l 3  |o 340.3 BRO'02  |p 1262  |r 2017-12-09  |s 2017-12-09  |y BK 
952 |0 0  |1 0  |2 ddc  |4 0  |6 340_300000000000000_BRO021  |7 0  |9 1331  |a NUALS  |b NUALS  |c GEN  |d 2009-10-09  |l 0  |o 340.3 BRO'02;1  |p 1263  |r 2015-12-29  |y BK 
952 |0 0  |1 0  |2 ddc  |4 0  |6 340_300000000000000_BRO08  |7 1  |8 REF  |9 1332  |a NUALS  |b NUALS  |c REF  |d 2010-06-03  |l 0  |o 340.3 BRO'08  |p 5499  |r 2015-12-28  |y REF